[Event "II Torneio Aberto Internacional de Xadrez de Ferreira do Alentejo"]
[Site "Ferreira do Alentejo - Portugal"]
[Date "2019.12.19"]
[Round "4.10"]
[White "Santos, Isabel Pereira Dos"]
[Black "Dong, Rafael"]
[Result "1/2-1/2"]
[BlackElo "1571"]
[WhiteElo "1807"]
[WhiteTeam "Gx Alekhine"]
[BlackTeam "CX Sintra"]
[LiveChessVersion "1.4.8"]

1. d4 {[%clk 1:27:42]} d5 {[%clk 1:31:19]} 2. c4 c6 {[%clk 1:31:39]} 3. Nf3
{[%clk 1:28:00]} Nf6 {[%clk 1:32:01]} 4. Nc3 {[%clk 1:28:23]} dxc4
{[%clk 1:32:21]} 5. a4 {[%clk 1:29:06]} Bf5 6. e3 {[%clk 1:29:28]} e6
{[%clk 1:32:41]} 7. Bxc4 {[%clk 1:28:29]} Bb4 {[%clk 1:32:50]} 8. O-O
{[%clk 1:21:33]} Nbd7 {[%clk 1:32:55]} 9. Qe2 {[%clk 1:08:57]} O-O
{[%clk 1:31:51]} 10. e4 {[%clk 1:09:05]} Bg6 {[%clk 1:31:24]} 11. Bd3
{[%clk 0:58:29]} c5 {[%clk 1:24:58]} 12. d5 {[%clk 0:58:00]} exd5 13. Nxd5
{[%clk 0:58:25]} Nxd5 {[%clk 1:25:16]} 14. exd5 {[%clk 0:58:09]} Re8
{[%clk 1:23:27]} 15. Qc2 {[%clk 0:50:53]} Ne5 16. Be4 {[%clk 0:51:18]} Nxf3+
{[%clk 1:17:35]} 17. gxf3 Qxd5 {[%clk 1:18:04]} 18. Bxd5 {[%clk 0:51:29]} Bxc2
{[%clk 1:18:04]} 19. Bxb7 {[%clk 0:51:29]} Rad8 {[%clk 1:15:38]} 20. Be3
{[%clk 0:50:51]} Bf5 {[%clk 1:14:09]} 21. Rfc1 Bd2 {[%clk 1:14:18]} 22. Bxd2
{[%clk 0:50:21]} Rxd2 {[%clk 1:14:18]} 23. Rxc5 {[%clk 0:46:41]} Rxb2
{[%clk 1:13:00]} 24. a5 {[%clk 0:47:07]} Rxb7 {[%clk 1:13:00]} 25. Rxf5
{[%clk 0:47:28]} g6 {[%clk 1:11:56]} 26. Rc5 Re2 27. a6 Rbb2 1/2-1/2

[Event "II Torneio Aberto Internacional de Xadrez de Ferreira do Alentejo"]
[Site "Ferreira do Alentejo - Portugal"]
[Date "2019.12.19"]
[Round "4.11"]
[White "Sousa, Diogo Miguel Braz"]
[Black "Dong, Fabio"]
[Result "0-1"]
[BlackElo "1550"]
[WhiteElo "1375"]
[WhiteTeam "CXFA"]
[BlackTeam "CX Sintra"]
[LiveChessVersion "1.4.8"]

1. e4 {[%clk 1:30:57]} c6 {[%clk 1:31:09]} 2. Nf3 {[%clk 1:31:25]} d5
{[%clk 1:31:29]} 3. exd5 {[%clk 1:31:25]} cxd5 {[%clk 1:31:29]} 4. Bb5+
{[%clk 1:31:25]} Bd7 {[%clk 1:31:37]} 5. Bxd7+ {[%clk 1:31:25]} Nxd7
{[%clk 1:31:37]} 6. d4 {[%clk 1:31:08]} Ngf6 {[%clk 1:30:04]} 7. Nc3
{[%clk 1:30:40]} e6 {[%clk 1:29:20]} 8. a3 {[%clk 1:28:59]} Bd6 {[%clk 1:19:34]}
9. O-O {[%clk 1:26:11]} a6 {[%clk 1:15:05]} 10. Bg5 {[%clk 1:18:23]} Qc7
{[%clk 1:13:05]} 11. g3 {[%clk 1:14:38]} O-O {[%clk 1:13:00]} 12. Bxf6
{[%clk 1:12:54]} Nxf6 {[%clk 1:07:06]} 13. Re1 {[%clk 1:05:52]} Rfc8
{[%clk 1:04:56]} 14. Re2 {[%clk 0:59:16]} b5 {[%clk 0:54:07]} 15. Na2 a5
{[%clk 0:54:09]} 16. c3 {[%clk 0:52:44]} Rab8 {[%clk 0:48:55]} 17. b4
{[%clk 0:49:34]} Ne4 {[%clk 0:39:08]} 18. Rc1 {[%clk 0:44:37]} Qc4
{[%clk 0:31:15]} 19. Rb2 {[%clk 0:39:19]} Rc7 {[%clk 0:29:25]} 20. Qf1
{[%clk 0:36:33]} Qc6 {[%clk 0:26:51]} 21. Qd3 {[%clk 0:27:16]} Qa6
{[%clk 0:24:37]} 22. Nd2 Rbc8 {[%clk 0:24:48]} 23. Nxe4 {[%clk 0:26:53]} dxe4
{[%clk 0:23:11]} 24. Qd2 {[%clk 0:17:48]} Rc4 {[%clk 0:21:08]} 25. Rbc2
{[%clk 0:17:17]} axb4 {[%clk 0:13:54]} 26. axb4 {[%clk 0:13:00]} Qc6
{[%clk 0:13:22]} 27. Qe3 {[%clk 0:12:03]} f5 {[%clk 0:12:06]} 28. h4
{[%clk 0:11:07]} Qc7 {[%clk 0:10:18]} 29. Kh2 {[%clk 0:11:07]} f4
{[%clk 0:09:57]} 30. Qe1 {[%clk 0:11:10]} e3 {[%clk 0:10:09]} 31. fxe3
{[%clk 0:09:30]} fxg3+ {[%clk 0:10:09]} 32. Kg2 {[%clk 0:09:30]} Qe7
{[%clk 0:09:22]} 33. Qe2 Qxh4 34. Rh1 {[%clk 0:08:35]} Qe4+ {[%clk 0:09:45]} 35.
Kg1 {[%clk 0:06:52]} Rf8 {[%clk 0:09:17]} 36. Qh5 g2 {[%clk 0:09:27]} 37. Qxh7+
{[%clk 0:05:59]} Qxh7 {[%clk 0:09:44]} 38. Rxh7 {[%clk 0:06:22]} Kxh7
{[%clk 0:09:44]} 39. Rxg2 {[%clk 0:06:47]} e5 {[%clk 0:09:58]} 40. Nc1
{[%clk 0:06:54]} exd4 41. exd4 Rxc3 {[%clk 0:10:02]} 42. Ne2 {[%clk 0:07:21]} Rc4
{[%clk 0:10:28]} 43. Rg4 Rxb4 44. Ng3 {[%clk 0:07:40]} Bxg3 {[%clk 0:10:49]} 45.
Rxg3 {[%clk 0:08:07]} Rxd4 {[%clk 0:11:02]} 46. Rh3+ {[%clk 0:09:01]} Kg8
{[%clk 0:11:23]} 47. Rb3 Rb8 {[%clk 0:11:39]} 48. Rb2 {[%clk 0:09:29]} b4
{[%clk 0:12:01]} 49. Rb1 {[%clk 0:09:57]} b3 {[%clk 0:12:26]} 50. Rb2
{[%clk 0:10:14]} Rc4 {[%clk 0:12:46]} 51. Kf1 {[%clk 0:10:17]} Rc2
{[%clk 0:13:14]} 52. Rb1 {[%clk 0:10:32]} b2 {[%clk 0:13:35]} 53. Rxb2
{[%clk 0:10:39]} Rbxb2 {[%clk 0:14:00]} 0-1